LEADER 03787nam 2200733 450 001 9910452875903321 005 20200520144314.0 010 $a1-60649-661-1 035 $a(CKB)2550000001113517 035 $a(EBL)1364064 035 $a(OCoLC)857276758 035 $a(SSID)ssj0001106086 035 $a(PQKBManifestationID)11705643 035 $a(PQKBTitleCode)TC0001106086 035 $a(PQKBWorkID)11056765 035 $a(PQKB)11288795 035 $a(OCoLC)859338135 035 $a(CaBNVSL)swl00402760 035 $a(MiAaPQ)EBC1364064 035 $a(Au-PeEL)EBL1364064 035 $a(CaPaEBR)ebr10767926 035 $a(CaONFJC)MIL513373 035 $a(EXLCZ)992550000001113517 100 $a20130927d2013 fy 0 101 0 $aeng 135 $aur|n|---||||| 181 $ctxt 182 $cc 183 $acr 200 10$aWeb content $ea writer's guide /$fJanet Mizrahi 205 $aFirst edition. 210 1$aNew York, New York (222 East 46th Street, New York, NY 10017) :$cBusiness Expert Press,$d2013. 215 $a1 online resource (120 p.) 225 1 $aCorporate communication collection,$x2156-8170 300 $aPart of: 2013 digital library. 311 $a1-60649-660-3 311 $a1-299-82122-7 320 $aIncludes bibliographical references (pages 97-98) and index. 327 $a1. Writing as a professional -- 2. Web writing characteristics and style -- 3. Web design basics for writers -- 4. Writing website content -- 5. Writing newsletters and web articles -- 6. Writing for social media -- 7. Writing other frequently used web genres -- Conclusion -- Notes -- References -- Index. 330 3 $aThe explosion of electronic sources, whether in the form of news, commentary, sales and marketing, or information, has created boundless opportunities for producing content. Whether the author is an entrepreneur with a start-up business who needs a website, an executive who uses social media to connect with various stakeholders, or a content provider blogging about topical issues, writers for the web must address the unique environment of the digital world. This book will help writers of all levels produce web content that generates results. Writing for the screen differs from writing for a printed page, and those who use the web to communicate in any genre--ads, articles, blogs, email blasts, newsletters, social media, or websites--must be aware of rhetorical considerations unique to writing for the web. This concise, easy-to-follow guide takes the reader through the underlying principles that make writing for the web unique, including web reader habits and the challenges of producing content across multi-platform formats. It addresses web writing style and topics such as conciseness, tone, level of formality, and other writing techniques. Design as it pertains to the writer is also discussed. Finally, the book focuses on how to compose specific types of web content and provides useful "how to" guides covering the most commonly used genres. 410 0$a2013 digital library. 410 0$aCorporate communication collection.$x2156-8170. 606 $aOnline authorship 608 $aElectronic books. 610 $aweb content 610 $aweb copy 610 $adigital content 610 $aweb writing 610 $acontent provider 610 $aweb communication 610 $aweb text 610 $aonline writing 610 $acontent development 610 $ainternet content provider 615 0$aOnline authorship. 676 $a006.3 700 $aMizrahi$b Janet.$0866208 801 0$bMiAaPQ 801 1$bMiAaPQ 801 2$bMiAaPQ 906 $aBOOK 912 $a9910452875903321 996 $aWeb content$91933268 997 $aUNINA LEADER 03609nam 22006615 450 001 9910647486803321 005 20250628110053.0 010 $a9783031116582 010 $a3031116585 024 7 $a10.1007/978-3-031-11658-2 035 $a(CKB)5580000000514054 035 $a(MiAaPQ)EBC7192168 035 $a(Au-PeEL)EBL7192168 035 $a(OCoLC)1369651261 035 $a(DE-He213)978-3-031-11658-2 035 $a(PPN)268206120 035 $a(ODN)ODN0010068024 035 $a(EXLCZ)995580000000514054 100 $a20230206d2023 u| 0 101 0 $aeng 135 $aurcnu|||||||| 181 $ctxt$2rdacontent 182 $cc$2rdamedia 183 $acr$2rdacarrier 200 10$aDeveloping Sustainable and Energy-Efficient Software Systems /$fby Artem Kruglov, Giancarlo Succi 205 $a1st ed. 2023. 210 $d2023 210 1$aCham :$cSpringer International Publishing :$cImprint: Springer,$d2023. 215 $a1 online resource (86 pages) 225 1 $aSpringerBriefs in Computer Science,$x2191-5776 311 08$a9783031116575 311 08$a3031116577 330 $aThis open access book provides information how to choose and collect the appropriate metrics for a software project in an organization. There are several kinds of metrics, based on the analysis of source code and developed for different programming paradigms such as structured programming and object-oriented programming (OOP). This way, the book follows three main objectives: (i) to identify existing and easily-collectible measures, if possible in the early phases of software development, for predicting and modeling both the traditional attributes of software systems and attributes specifically related to their efficient use of resources, and to create new metrics for such purposes; (ii) to describe ways to collect these measures during the entire lifecycle of a system, using minimally-invasive monitoring of design-time processes, and consolidate them into conceptual frameworks able to support model building by using a variety of approaches, including statistics, data mining and computational intelligence; and (iii) to present models and tools to support design time evolution of systems based on design-time measures and to empirically validate them. The book provides researchers and advanced professionals with methods for understanding the full implications of alternative choices and their relative attractiveness in terms of enhancing system resilience. It also explores the simultaneous use of multiple models that reflect different system interpretations or stakeholder perspectives. 410 0$aSpringerBriefs in Computer Science,$x2191-5776 606 $aSoftware engineering 606 $aSoftware engineering?Management 606 $aSoftware Engineering 606 $aSoftware Management 606 $aEnginyeria de programari$2thub 606 $aDesenvolupament de programari$2thub 608 $aLlibres electrònics$2thub 615 0$aSoftware engineering. 615 0$aSoftware engineering?Management. 615 14$aSoftware Engineering. 615 24$aSoftware Management. 615 7$aEnginyeria de programari 615 7$aDesenvolupament de programari. 676 $a005.1 686 $aCOM005000$aCOM051230$2bisacsh 700 $aKruglov$b Artem$01339187 701 $aSucci$b Giancarlo$0875726 801 0$bMiAaPQ 801 1$bMiAaPQ 801 2$bMiAaPQ 906 $aBOOK 912 $a9910647486803321 996 $aDeveloping Sustainable and Energy-Efficient Software Systems$93059805 997 $aUNINA